La casa de los espíritus / (Registro nro. 3310)

Detalles MARC
000 -LEADER
fixed length control field 01030nam a2200193 a 4500
008 - CAMPO DE CONTROL (LIBRO)
fixed length control field 161215e1994 ag |||g |||| 00| f spa d
020 ## - INTERNATIONAL STANDARD BOOK NUMBER
ISBN 9500702916
041 ## - CODIGO DE IDIOMA
Código de idioma del texto/pista de sonido o título separado spa
092 ## - SIGNATURA TOPOGRAFICA DEWEY LOCAL
número de clasificación 863
libristica 3
sección ALL
100 1# - ENTRADA PRINCIPAL--NOMBRE PERSONAL
Nombre personal Allende, Isabel
9 (RLIN) 3210
245 #3 - TITULO PROPIAMENTE DICHO
Título La casa de los espíritus /
Mención de responsabilidad y remanente de la transcripción de la portada Isabel Allende
250 ## - MENCION DE EDICION
Mención de edición 33a ed.
260 ## - PIE DE IMPRENTA
Lugar de publicación, distribución, etc Buenos Aires:
Nombre de la editorial, distribuidor, etc Sudamericana;
Fecha de publicación 1994.
300 ## - DESCRIPCION FISICA
Extension 363 p.
500 ## - NOTA GENERAL
Nota general Allende, I. (1994). La casa de los espíritus. (33a ed.). Buenos Aires : Sudamericana.
505 ## - NOTA DE CONTENIDO
Nota de contenido formateada Desde principios de siglo hasta la actualidad, este relato sigue la vida de Esteban Trueba, de su mujer, de sus hijos legítimos y naturales, de sus nietos. La saga de una familia y de un mundo: historia del arrebato del autoritarismos, los desbordes de la fantasía, la interpenetración de lo irreal y lo ilusorio. Todo ello en un espacio donde la violencia, la lucha y la esperanza coinciden: un espacio en el cual puede reconocerse el vivir de los países latinoamericanos.
655 ## - MATERIA - GENERO/FORMA
Género/Forma Novela
-- 3091
942 ## - ADDED ENTRY ELEMENTS (KOHA)
Source of classification or shelving scheme Dewey Decimal Classification
Item type LITERATURA
Existencias
Estado de retiro Existencia Fuente de clasificación Estado general No para prestamo Ubicación permanente ubicación actual Sala de ubicación Fecha de adquisición Fuente de adquisición Total Checkouts Número de clasificación Código de barras Date last seen Número de ejemplar Price effective from Koha tipo de elemento (item) Public note Coded location qualifier
    Dewey Decimal Classification     Biblioteca Medicina Biblioteca Medicina Circulación 22/09/2025 Donación Guerra, Valeria. Septiembre 2025.   863 3 ALL 5115 22/09/2025 Ej. 1 22/09/2025 LITERATURA Donación Guerra, Valeria. Septiembre 2025. Sede Tordos.  

UNIVERSIDAD NACIONAL DEL COMAHUE
Biblioteca de la Facultad de Ciencias Médicas
Sede Toschi: Los Arrayanes y Av. Toschi, Cipolletti  - Rio Negro
Sede Los Tordos:  Yrigoyen al 2211, Cipolletti - Rio Negro 

Teléfono: 0299 - 4774707 int 25
Contacto: biblioteca@facimed.uncoma.edu.ar
© 2011 - 2026